Modalidades de la transición al capitalismo agrario en Costa Rica /
El texto establece un recuento histórico del establecimiento de la estructura agraria en Costa Rica, por medio del análisis en cuatro etapas: la primera, sobre la formación de la estructura agraria en Costa Rica; en el segundo aspecto, cuáles fueron los elementos constitutivos de la transición al ca...
Kaydedildi:
| Yazar: | |
|---|---|
| Diğer Yazarlar: | |
| Materyal Türü: | Kitap |
| Dil: | Spanish |
| Konular: | |
| Etiketler: |
Etiketle
Etiket eklenmemiş, İlk siz ekleyin!
|
MARC
| LEADER | 00000nam a22000007a 4500 | ||
|---|---|---|---|
| 003 | cru CIDCACS/IIS | ||
| 005 | 20200925161400.0 | ||
| 007 | ta | ||
| 008 | 170803s1983 ck ||||| |||| 00| 0 spa d | ||
| 999 | |c 19524 |d 19524 | ||
| 040 | |c CRAI/IIS |a CRAI/IIS | ||
| 100 | 1 | |9 3735 |a Torres Rivas, Edelberto | |
| 245 | 1 | |a Modalidades de la transición al capitalismo agrario en Costa Rica / |c Edelberto Torres Rivas, Mario Ramírez Boza | |
| 300 | |a páginas 23-50: |b tablas | ||
| 520 | |a El texto establece un recuento histórico del establecimiento de la estructura agraria en Costa Rica, por medio del análisis en cuatro etapas: la primera, sobre la formación de la estructura agraria en Costa Rica; en el segundo aspecto, cuáles fueron los elementos constitutivos de la transición al capitalismo en Costa Rica mediante la exportación del café y tabaco; en un tercer término, los aspectos generales de la agroindustria para el periodo 1880-1950, en las que los cultivos principales fueron el café, la caña de azúcar y la actividad de extracción maderera; y finalmente, la descripción de la clase dominante en la etapa posterior a 1880. | ||
| 650 | 4 | |9 2014 |a DESARROLLO AGROPECUARIO | |
| 650 | 0 | |9 1144 |a COMERCIO AGRICOLA | |
| 650 | 0 | |9 2383 |a AGROINDUSTRIA | |
| 650 | 0 | |9 64 |a CAPITALISMO | |
| 650 | 0 | |9 2215 |a ESTRUCTURA AGRARIA | |
| 651 | 0 | |9 32 |a COSTA RICA | |
| 700 | 1 | |9 3266 |a Ramírez Boza, Mario A. | |
| 773 | 0 | |0 19520 |9 1072 |a Oficina de Investigaciones Socio-económicas y Legales (Colombia) |d Bogotá, Colombia: Oficina de Investigaciones Socio-económicas y Legales, |o 18275 |t Estudios Rurales Latinoamericanos / |x 01200747 | |
| 942 | |2 ddc |c PP | ||
